ბათუმის შოთა რუსთაველის სახელმწიფო უნივერსიტეტის ბიბლიოთეკა

Иновационный Менеджмент: (ბიბ.ჩანაწერი № 37087)

000 -LEADER
fixed length control field 00746nam a2200241Ia 4500
001 - CONTROL NUMBER
control field 3043
003 - CONTROL NUMBER IDENTIFIER
control field GE_BSU
008 - FIXED-LENGTH DATA ELEMENTS--GENERAL INFORMATION
fixed length control field 181216s||||||||xx |||||||||||||| ||und||
020 ## - INTERNATIONAL STANDARD BOOK NUMBER
International Standard Book Number 5851730757
040 ## - CATALOGING SOURCE
Transcribing agency GE_BSU
080 ## - UNIVERSAL DECIMAL CLASSIFICATION NUMBER
Universal Decimal Classification number 65.8)01(075.8)
100 ## - MAIN ENTRY--PERSONAL NAME
Personal name С.Д.Ильенкова, Л.М. Гохберг, С.Ю. Ягудин и др;.
245 ## - TITLE STATEMENT
Title Иновационный Менеджмент:
245 ## - TITLE STATEMENT
Remainder of title Учебник для вузов
245 ## - TITLE STATEMENT
Statement of responsibility, etc. Под. ред. С.Д. Ильнковой.
260 ## - PUBLICATION, DISTRIBUTION, ETC.
Place of publication, distribution, etc. Москва
260 ## - PUBLICATION, DISTRIBUTION, ETC.
Name of publisher, distributor, etc. Банки и Биржи, ЮНИЕИ
260 ## - PUBLICATION, DISTRIBUTION, ETC.
Date of publication, distribution, etc. 1997
300 ## - PHYSICAL DESCRIPTION
Extent 327 ст. 20 см.
653 ## - INDEX TERM--UNCONTROLLED
Uncontrolled term Иновационный Менеджмент:
942 ## - ADDED ENTRY ELEMENTS (KOHA)
Koha item type წიგნი
ეგზემპლარები
Withdrawn status Lost status Damaged status Not for loan Date acquired Barcode Date last seen Price effective from Koha item type Public note
        2018-12-17 7873 2018-12-17 2018-12-17 წიგნი დარბაზი
        2018-12-17 7874 2018-12-17 2018-12-17 წიგნი დარბაზი
        2018-12-17 8185 2018-12-17 2018-12-17 წიგნი დარბაზი